000 00450nam a22001817a 4500
003 UA-OsUOA
001 17312
007 ta
008 20040221b un ||||| |||| 00| 0 ukr d
100 _aФранчук В.
942 _cSA
040 _aUA-OsUOA
_cUA-OsUOA
_dUA-OsUOA
245 _aВолинський вертеп
300 _aС.3
955 _a0
773 0 _w0
_tВОЛИНЬ
_dРівне
_d2004
_g№1/1 січ./
650 7 _aВертеп
_2UDC
999 _c303480
_d303480